| Tag |
First Indicator |
Second Indicator |
Subfields |
| LEADER |
00000cam a2200000 a 4500 |
| 001 |
in00000084236 |
| 005 |
20151008055724.0 |
| 007 |
he bm----b--- |
| 008 |
810512r19801980fr a bb i10000 eng d |
| 035 |
|
|
|a (OCoLC)07410294
|
| 035 |
|
|
|9 AAJ4208AM
|
| 040 |
|
|
|a DXU
|c DXU
|d TXA
|d UtOrBLW
|
| 041 |
0 |
|
|a eng
|a fre
|
| 049 |
|
|
|a TXAI
|
| 099 |
|
|
|a fiche
|a S
|a 145
|a no. 267
|
| 245 |
0 |
0 |
|a High-speed, low-level flight :
|b aircrew factors : papers presented at the Aerospace Medical Panel's Specialists' Meeting held in Lisbon, Portugal, 22-26 October 1979 /
|c edited by D.H. Glaister.
|
| 264 |
|
1 |
|a Neuilly sur Seine, France :
|b North Atlantic Treaty Organization, Advisory Group for Aerospace Research and Development,
|c 1980.
|
| 300 |
|
|
|a 319 pages in various pagings :
|b illustrations ;
|c 30 cm.
|
| 336 |
|
|
|a text
|b txt
|2 rdacontent
|
| 337 |
|
|
|a microform
|b h
|2 rdamedia
|
| 338 |
|
|
|a microfiche
|b he
|2 rdacarrier
|
| 490 |
1 |
|
|a AGARD conference proceedings ;
|v no. 267
|
| 500 |
|
|
|a English and French.
|
| 504 |
|
|
|a Includes bibliographies.
|
| 533 |
|
|
|a Microfiche.
|b Neuilly sur Seine, France :
|c AGARD,
|d 1980.
|e 4 microfiches : negative, ill. ; 11 x 15 cm.
|
| 500 |
|
|
|a Microform.
|
| 650 |
|
0 |
|a Flight
|x Physiological aspects
|x Congresses.
|
| 650 |
|
0 |
|a Fighter planes
|x Design and construction
|x Congresses.
|
| 650 |
|
0 |
|a Flight crews
|x Congresses.
|
| 700 |
1 |
|
|a Glaister, D. H.
|
| 710 |
2 |
|
|a North Atlantic Treaty Organization.
|b Advisory Group for Aerospace Research and Development.
|b Aerospace Medical Panel.
|
| 830 |
|
0 |
|a AGARD conference proceedings ;
|v no. 267.
|
| 999 |
|
|
|a MARS
|
| 999 |
f |
f |
|s 09786c10-120f-3599-a882-de8fd584d4bf
|i 537cdaf7-bf2b-3754-b714-cc36264e8287
|t 0
|
| 952 |
f |
f |
|p normal
|a Texas A&M University
|b College Station
|c Sterling C. Evans Library
|d Evans: Microforms (3rd floor)
|t 0
|e fiche S 145 no. 267
|h Other scheme
|i microform -- microfiche
|m A14832930628
|
| 998 |
f |
f |
|a fiche S 145 no. 267
|t 0
|l Evans: Microforms (3rd floor)
|